000 00200 a2200097 4500
001 3180
100 _aUNESCO
245 _aEducating Against Droy Abuse
260 _a
_bFrance
_c
090 _c2460
_d2460
942 _aNUST-CAE
_cM
_c16225
999 _c238253
_d238253